Ψεύτικες ή Πραγματικές Σημαίες #1 - Ξαφνικός Θάνατος - Statistics

General Stats
  • This quiz has been taken 62 times
  • The average score is 5 of 10
Answers on the Grid
Answers color-coded by a green-red scale on the quiz's grid according to % correct below.
Trulli
Trulli
Trulli
Trulli
Trulli
Trulli
Trulli
Trulli
Trulli
Trulli
Trulli
Trulli
Trulli
Trulli
Trulli
Trulli
Trulli
Trulli
Trulli
Trulli
 
Answer Stats
Answer % Correct
Trulli
97%
Trulli
87%
Trulli
63%
Trulli
61%
Trulli
53%
Trulli
50%
Trulli
32%
Trulli
32%
Trulli
29%
Trulli
21%
No matching quizzes found
Score Distribution
Percent of People with Each Score
Percentile by Number Answered
Your Score History
You have not taken this quiz